Tóth Sándor kiállítása a képcsarnokban

Elmentve itt :
Bibliográfiai részletek
Szerző: Papp Lajos
Dokumentumtípus: Cikk
Megjelent: 1966-05-21
Sorozat:Délmagyarország 56 No. 119
Kulcsszavak:Szoborkiállítás Szeged 1966, szobrászat-emléktábla
Online Access:http://dmarchiv.bibl.u-szeged.hu/77231
LEADER 00498nab a2200157 i 4500
001 delm77231
005 20180928084327.0
008 180928s1966 hu o 0|| hun d
040 |a SZTE Délmagyarország Archívum  |b hun 
041 |a hun 
100 1 |a Papp Lajos 
245 1 0 |a Tóth Sándor kiállítása a képcsarnokban  |h [elektronikus dokumentum] /  |c  Papp Lajos 
260 |c 1966-05-21 
300 |a 5 
490 0 |a Délmagyarország  |v 56 No. 119 
695 |a Szoborkiállítás Szeged 1966, szobrászat-emléktábla